000 00202 a2200097 4500
001 18221
100 _aSharp, P
245 _aAdventure stories for boys
260 _a
_bHamlyn
_c
090 _c13515
_d13515
942 _aNUST-CAE
_cM
_c3909
999 _c253294
_d253294